000 00744nam a2200253Ia 4500
003 OSt
005 20220926020248.0
006 a|||||r|||| 00| 0
007 ta
008 220923b |||||||| |||| 00| 0 eng d
020 _a9780415667739
_c1805.27
037 _b33928, 27/02/2012, Segment Book Distrobutors
_cGeneral Book
040 _aRTL
_cRTL
_beng
041 _2eng
_aeng
082 _aU5, P6;Q2
100 _aFlint Colin
_9267299
245 0 _aIntroduction to Geopolitics.
250 _a2
260 _aNew York
_bRoutledge
_c2012
300 _axiv, 296p
_ccm.
650 _aGeography
942 _hU5, P6;Q2
_cGB
_2CC
999 _c633815
_d633815